<?xml version="1.0" encoding="UTF-8"?>
<record
    xmlns:xsi="http://www.w3.org/2001/XMLSchema-instance"
    xsi:schemaLocation="http://www.loc.gov/MARC21/slim http://www.loc.gov/standards/marcxml/schema/MARC21slim.xsd"
    xmlns="http://www.loc.gov/MARC21/slim">

  <leader>00632    a2200193   4500</leader>
  <controlfield tag="001">133465</controlfield>
  <datafield tag="020" ind1=" " ind2=" ">
    <subfield code="a">85-16-02260-9</subfield>
  </datafield>
  <datafield tag="040" ind1=" " ind2=" ">
    <subfield code="c">Leonardo Da Vinci</subfield>
  </datafield>
  <datafield tag="041" ind1=" " ind2=" ">
    <subfield code="a">Portugu&#xEA;s</subfield>
  </datafield>
  <datafield tag="082" ind1=" " ind2=" ">
    <subfield code="a">573.2 R616t</subfield>
    <subfield code="b">R616t</subfield>
  </datafield>
  <datafield tag="100" ind1=" " ind2=" ">
    <subfield code="a">RODRIGUES, Rosicler Martins</subfield>
  </datafield>
  <datafield tag="245" ind1=" " ind2=" ">
    <subfield code="a">A transforma&#xE7;&#xE3;o da vida</subfield>
  </datafield>
  <datafield tag="260" ind1=" " ind2=" ">
    <subfield code="b">Moderna</subfield>
    <subfield code="c">1995</subfield>
    <subfield code="a">S&#xE3;o Paulo</subfield>
  </datafield>
  <datafield tag="300" ind1=" " ind2=" ">
    <subfield code="a">72</subfield>
  </datafield>
  <datafield tag="362" ind1=" " ind2=" ">
    <subfield code="a">19950000</subfield>
  </datafield>
  <datafield tag="490" ind1=" " ind2=" ">
    <subfield code="a">Desafios</subfield>
  </datafield>
  <datafield tag="697" ind1=" " ind2=" ">
    <subfield code="a">Biologia</subfield>
    <subfield code="a">Ci&#xEA;ncias</subfield>
    <subfield code="a">Evolu&#xE7;&#xE3;o humana</subfield>
    <subfield code="a">Seres vivos</subfield>
    <subfield code="a">G&#xEA;nesis</subfield>
    <subfield code="a">Cria&#xE7;&#xE3;o</subfield>
    <subfield code="a">Universo</subfield>
    <subfield code="a">Teoria da evolu&#xE7;&#xE3;o</subfield>
    <subfield code="a">Charles Darwin</subfield>
    <subfield code="a">Esp&#xE9;cie</subfield>
    <subfield code="a">Australopithecus</subfield>
    <subfield code="a">Homo habilis</subfield>
    <subfield code="a">Homo erectus</subfield>
    <subfield code="a">Homo sapiens</subfield>
    <subfield code="a">Homem</subfield>
  </datafield>
  <datafield tag="942" ind1=" " ind2=" ">
    <subfield code="c">BK</subfield>
  </datafield>
  <datafield tag="952" ind1=" " ind2=" ">
    <subfield code="0">0</subfield>
    <subfield code="1">0</subfield>
    <subfield code="4">0</subfield>
    <subfield code="7">0</subfield>
    <subfield code="a">71.1</subfield>
    <subfield code="b">71.1</subfield>
    <subfield code="d">2024-03-27</subfield>
    <subfield code="l">0</subfield>
    <subfield code="o">573.2 R616t</subfield>
    <subfield code="p">O005765</subfield>
    <subfield code="r">2024-03-27 22:32:53</subfield>
    <subfield code="w">2024-03-27</subfield>
    <subfield code="y">BK</subfield>
  </datafield>
  <datafield tag="999" ind1=" " ind2=" ">
    <subfield code="c">133465</subfield>
    <subfield code="d">133465</subfield>
  </datafield>
</record>
